To spit against the wind : a novel /

Bibliographic Details
Main Author: Levin, Benjamin H.
Format: Book
Language:English
Published: New York : Citadel Press, [1970]
Edition:[1st ed.].
Subjects:

MARC

Tag First Indicator Second Indicator Subfields
LEADER 00000cam a2200000 4500
001 in00000684591
005 20170505105540.0
008 700810s1970 nyu 00011 eng
010 |a  76111697  
020 |a 0806500123  |c 7.95 
035 |a (OCoLC)00088939 
035 |9 ADA1053AM 
040 |a DLC  |c DLC  |d TXA  |d UtOrBLW 
049 |a TXAM  |c [533021] 
050 0 0 |a PZ4.L6635  |b To  |a PS3562.E889 
090 |a PS3562.E889  |b T67 1970 
100 1 |a Levin, Benjamin H. 
245 1 0 |a To spit against the wind :  |b a novel /  |c by Benjamin H. Levin. 
250 |a [1st ed.]. 
264 1 |a New York :  |b Citadel Press,  |c [1970] 
300 |a 569 pages ;  |c 22 cm. 
336 |a text  |b txt  |2 rdacontent 
337 |a unmediated  |b n  |2 rdamedia 
338 |a volume  |b nc  |2 rdacarrier 
600 1 0 |a Paine, Thomas,  |d 1737-1809  |x Fiction. 
999 |a MARS 
999 f f |s 37efd9ae-39f9-3c92-9a8b-cdf660c7a195  |i f9beacdc-ffee-3be0-9d1a-c3d7d06be9bd  |t 0 
952 f f |p ric  |a Texas A&M University  |b Rellis Campus  |c Joint Library Facility  |d Remote Storage  |t 0  |e PS3562.E889 T67 1970  |h Library of Congress classification  |i unmediated -- volume  |m A14804322728 
998 f f |a PS3562.E889 T67 1970  |t 0  |l Remote Storage